Behavioural Ecology: (Record no. 6107)

MARC details
000 -LEADER
fixed length control field 00568nam a22002057a 4500
003 - CONTROL NUMBER IDENTIFIER
control field OSt
005 - DATE AND TIME OF LATEST TRANSACTION
control field 20180510125331.0
008 - FIXED-LENGTH DATA ELEMENTS--GENERAL INFORMATION
fixed length control field 160513b xxu||||| |||| 00| 0 eng d
020 ## - INTERNATIONAL STANDARD BOOK NUMBER
International Standard Book Number 0865427313
040 ## - CATALOGING SOURCE
Transcribing agency DDC.
082 ## - DEWEY DECIMAL CLASSIFICATION NUMBER
Classification number 591.51BEH 2004
100 ## - MAIN ENTRY--PERSONAL NAME
Personal name Edited by .Krebs,J.R;Davies,N.B;
9 (RLIN) 8754
245 ## - TITLE STATEMENT
Title Behavioural Ecology:
Remainder of title An Evolutionary Approach.
250 ## - EDITION STATEMENT
Edition statement 4th ed
260 ## - PUBLICATION, DISTRIBUTION, ETC. (IMPRINT)
Place of publication, distribution, etc. USA.
Name of publisher, distributor, etc. Blackwell Publishing.
Date of publication, distribution, etc. 2004.
300 ## - PHYSICAL DESCRIPTION
Extent viii,456p;
Other physical details ill;
Dimensions 26cm.
504 ## - BIBLIOGRAPHY, ETC. NOTE
Bibliography, etc includes references and index.
650 ## - SUBJECT ADDED ENTRY--TOPICAL TERM
Topical term or geographic name as entry element Biology.
9 (RLIN) 5602
942 ## - ADDED ENTRY ELEMENTS (KOHA)
Source of classification or shelving scheme Dewey Decimal Classification
Koha item type Short Loan
Holdings
Withdrawn status Lost status Source of classification or shelving scheme Damaged status Not for loan Home library Current library Date acquired Source of acquisition Inventory number Total Checkouts Full call number Barcode Date last seen Price effective from Koha item type
    Dewey Decimal Classification     MUST Main Library MUST Main Library 10/05/2018   05/23416   591.51BEH 2004 2018-0256 10/05/2018 10/05/2018 Open Shelf
    Dewey Decimal Classification     MUST Main Library MUST Main Library 19/05/2021 Purchase 05/23417   591.51BEH 2004 2021-0572 19/05/2021 19/05/2021 Open Shelf
    Dewey Decimal Classification     MUST Main Library MUST Main Library 19/05/2021 Purchase 04/22666   591.51BEH 2004 2021-0573 19/05/2021 19/05/2021 Open Shelf
    Dewey Decimal Classification     MUST Main Library MUST Main Library 19/05/2021 Purchase 04/22665   591.51BEH 2004 2021-0574 19/05/2021 19/05/2021 Open Shelf